| 000 | 00000nam 2200000zi 4500 |
| 001 | 9.943184 |
| 003 | CaOODSP |
| 005 | 20241104132014 |
| 006 | m o d f |
| 007 | cr |n||||||||| |
| 008 | 240913t19941994qucd ob f000 0 eng d |
| 020 | |z066261545X |
| 040 | |aCaOODSP|beng|erda|cCaOODSP |
| 043 | |an-cn--- |
| 086 | 1 |aMP90-2/12-1995E-PDF|zMP90-2/12-1995 |
| 245 | 00|aFederal support to post-secondary education : |ba supplementary paper. |
| 264 | 1|a[Hull, Quebec] : |bGovernment of Canada = Gouvernement du Canada, |c[1994] |
| 264 | 4|c©1994 |
| 300 | |a1 online resource (58 pages) : |bcharts |
| 336 | |atext|btxt|2rdacontent |
| 337 | |acomputer|bc|2rdamedia |
| 338 | |aonline resource|bcr|2rdacarrier |
| 500 | |aIssued also in French under title: L'apport du gouvernement fédéral à l'enseignement postsecondaire : un document d'information. |
| 500 | |aDigitized edition from print [produced by Government of Canada Publications Directorate]. |
| 500 | |a"Improving social security in Canada" -- at head of title. |
| 500 | |a"Published by the authority of the Minister of Human Resources Development." |
| 500 | |a"SC-095-01-95." |
| 504 | |aIncludes bibliographical references. |
| 650 | 0|aFederal aid to higher education|zCanada. |
| 650 | 0|aHigher education and state|zCanada. |
| 650 | 5|aEducation, Higher|zCanada. |
| 710 | 1 |aCanada. |bHuman Resources Development Canada, |eissuing body. |
| 775 | 08|tl'apport du gouvernement fédéral à l'enseignement postsecondaire : |w(CaOODSP)9.943183 |
| 776 | 0#|tFederal support to post-secondary education : |w(CaOODSP)9.657247 |
| 856 | 40|qPDF|s23609 KB|uhttps://publications.gc.ca/collections/collection_2024/edsc-esdc/MP90-2-12-1995-eng.pdf |